Bible Encyclopedia (Malayalam) (Record no. 7972)
[ view plain ]
| 000 -LEADER | |
|---|---|
| fixed length control field | 00439nam a22001697a 4500 |
| 003 - CONTROL NUMBER IDENTIFIER | |
| control field | OSt |
| 005 - DATE AND TIME OF LATEST TRANSACTION | |
| control field | 20190730173859.0 |
| 008 - FIXED-LENGTH DATA ELEMENTS--GENERAL INFORMATION | |
| fixed length control field | 190322b ||||| |||| 00| 0 eng d |
| 040 ## - CATALOGING SOURCE | |
| Transcribing agency | DLC |
| 050 ## - LIBRARY OF CONGRESS CALL NUMBER | |
| Classification number | 494 P549B |
| 082 ## - DEWEY DECIMAL CLASSIFICATION NUMBER | |
| Classification number | 494 |
| Item number | P549B |
| 100 ## - MAIN ENTRY--PERSONAL NAME | |
| Personal name | Philip, JOhnson C. |
| 245 ## - TITLE STATEMENT | |
| Title | Bible Encyclopedia (Malayalam) |
| Statement of responsibility, etc. | By Johnson C. samuel/ |
| 260 ## - PUBLICATION, DISTRIBUTION, ETC. | |
| Place of publication, distribution, etc. | INdia: |
| Name of publisher, distributor, etc. | Sathyam Publication: |
| Date of publication, distribution, etc. | c. 1997 |
| 300 ## - PHYSICAL DESCRIPTION | |
| Extent | 744 p.; |
| Dimensions | 22 cm |
| 942 ## - ADDED ENTRY ELEMENTS (KOHA) | |
| Source of classification or shelving scheme | Dewey Decimal Classification |
| Koha item type | Reference |
| Withdrawn status | Lost status | Source of classification or shelving scheme | Damaged status | Not for loan | Collection code | Home library | Current library | Date acquired | Total Checkouts | Full call number | Barcode | Date last seen | Price effective from | Koha item type |
|---|---|---|---|---|---|---|---|---|---|---|---|---|---|---|
| Dewey Decimal Classification | Not For Loan | Reference | Harvest Mission College | Harvest Mission College | 30.07.2019 | REF 494 P549B | 008962 | 30.07.2019 | 30.07.2019 | Reference |
